| 000 | 00836nam a2200253 a 4500 | ||
|---|---|---|---|
| 005 | 20250903063924.0 | ||
| 008 | 010620s1999 mx r 000 0 spa d | ||
| 020 | _a848996744X | ||
| 035 | _aUPN01000108734 | ||
| 049 | _aCG | ||
| 050 | 4 |
_aLB1060 _bR6.2 |
|
| 100 | 1 | _aRamón Pérez, Martiriano | |
| 245 | 1 | 0 |
_aAprendizaje y currículum : _bdidáctica socio-cognitiva aplicado / _cMartiriano Ramón Pérez, Eloísa Díez López. |
| 260 |
_aMadrid : _bEOS, _c1999. |
||
| 300 | _a373 p. | ||
| 440 | 0 | _aFundamentos psicopedagógicos | |
| 590 | _a(También localizas un ejemplar en el "Area de Reserva") | ||
| 590 | _aBibliografía Básica (BGTQ) | ||
| 650 | 4 |
_aAprendizaje _92861 |
|
| 650 | 2 |
_aObjetivos de la enseñanza _921083 |
|
| 650 | 4 |
_aDiseño curricular _96719 |
|
| 700 | 1 |
_aDíez López, Eloísa, _ecoaut. |
|
| 905 | _aLibro | ||
| 999 |
_c82645 _d82645 |
||